Normal view
MARC view
- تأليف محمد، فيصل مالك أبكر
Entry Personal Name
001 - CONTROL NUMBER
- control field: 62995
003 - CONTROL NUMBER IDENTIFIER
- control field: JO-AjAnu
005 - DATE AND TIME OF LATEST TRANSACTION
- control field: 20230606084303.0
008 - FIXED-LENGTH DATA ELEMENTS
- fixed length control field: 230606|| aca||aabn | a|a d
040 ## - CATALOGING SOURCE
- Original cataloging agency: JO-AjAnu
- Transcribing agency: JO-AjAnu
100 ## - HEADING--PERSONAL NAME
- Personal name: تأليف محمد، فيصل مالك أبكر
670 ## - SOURCE DATA FOUND
- Source citation: Work cat.: (JO-AjAnu)32120: تأليف محمد، فيصل مالك أبكر, author, مقاربات نقدية وقراءات في الشعر والرواية والقصة القصيرة